00334nam a2200133Ia 4500008004100000020001500041041001200056082001600068100001600084245005900100260002500159300000800184650000800192221030s9999 xx 000 0 und d a0070993831 aEnglish a105.23bJon aB. E. Jones 0aInstrumentation Measurement & Feedbackcby B. E. Jones bTMHaNew Delhic2002 a283 aECE